000 00485nam a2200205Ia 4500
003 OSt
005 20140317135035.0
008 140130s9999 xx 000 0 und d
020 _a9780545135702
050 _aPZ 7
_b.L558Sw 2009
100 _aLerangis, Peter
245 _aThe sword thief /
_cPeter Lerangis.
260 _bScholastic,
_c2009.
_aNew York :
300 _a156 p. :
_c18 cm.
440 _v1
521 _aG4
526 _c660
942 _cBK
_2lcc
999 _c40919
_d40919